Feo+guapo / (Record no. 128023)

MARC details
000 -CABECERA
campo de control de longitud fija 00583nam a2200205 u 4500
005 - FECHA Y HORA DE LA ÚLTIMA TRANSACCIÓN
campo de control 20240223063622.0
008 - ELEMENTOS DE LONGITUD FIJA--INFORMACIÓN GENERAL
campo de control de longitud fija 080514s2006 r 000 0 eng d
020 ## - NÚMERO INTERNACIONAL NORMALIZADO PARA LIBROS
Número Internacional Estándar del Libro 8496473481
035 ## - NÚMERO DE CONTROL DEL SISTEMA
Número de control de sistema UPN01000155909
049 ## - COLECCIÓN
Colección I
050 #4 - SIGNATURA TOPOGRÁFICA DE LA BIBLIOTECA DEL CONGRESO
Número de clasificación PZ44.9
Número de documento/Ítem K6.3
100 1# - ASIENTO PRINCIPAL--NOMBRE PERSONAL
Nombre de persona Koch, Antonio
245 10 - MENCIÓN DE TÍTULO
Título Feo+guapo /
Mención de responsabilidad, etc. Antonio Koch ; il. Keisuke Shimura.
260 ## - PUBLICACIÓN, DISTRIBUCIÓN, ETC.
Lugar de publicación, distribución, etc. Barcelona, Esp. :
Nombre del editor, distribuidor, etc. Thule,
Fecha de publicación, distribución, etc. 2006.
300 ## - DESCRIPCIÓN FÍSICA
Extensión [26] p. :
Otras características físicas il.
534 ## - NOTA SOBRE LA VERSIÓN ORIGINAL
Frase introductoria traducción de:
Mención de título del original Brutto + bello
650 #4 - ASIENTO SECUNDARIO DE MATERIA - TERMINO TEMATICO
Término de materia o nombre geográfico como elemento de entrada Cuentos infantiles italianos
9 (RLIN) 7373
700 1# - ASIENTO SECUNDARIO--NOMBRE DE PERSONAL
Nombre de persona Shimura, Keisuke,
Término indicativo de función/relación il.
905 ## - TIPO DE MATERIAL
Tipo de material Infantil
Holdings
Estado de retiro Estado de pérdida Fuente del sistema de clasificación o colocación Estado dañado No para préstamo Código de colección Localización permanente Ubicación/localización actual Ubicación en estantería Fecha de adquisición Total de préstamos Clasificación Código de barras Fecha visto por última vez Fecha del último préstamo Número de copia Tipo de ítem Koha
    Library of Congress Classification     Infantil Bib. Gregorio Torres Quintero Bib. Gregorio Torres Quintero Sala infantil Planta baja 11/11/2022 9 PZ44.9 K6.3 258988 25/11/2022 11/11/2022 1 Libro
    Library of Congress Classification     Infantil Bib. Gregorio Torres Quintero Bib. Gregorio Torres Quintero Sala infantil Planta baja 10/05/2023 3 PZ44.9 K6.3 300758 31/12/2020   1 Libro